000 01902cam a22004574i 4500
003 PE-LiUPU
005 20250731172957.0
008 150623s1999 miu r 000 0 eng d
020 _a0801011779
035 _a(Sirsi) i9780801011771
040 _aPE-LiUPU
_bspa
_cPE-LiUPU
_erda
049 _aPRUA
082 0 4 _a269
_bM12
_221
100 1 _aMacchia, Stephen A.,
_eautor.
245 1 0 _aBecoming a healthy church :
_b10 characteristics /
_cStephen A. Macchia; prólogo de Haddon Robinson; epílogo de Gordon MacDonald.
264 1 _aMichigan :
_bBaker Books,
_c1999.
300 _a239 páginas ;
_c23.5 centímetros
336 _atext
_2rdacontent
337 _aunmediated
_2rdamedia
338 _avolume
_2rdacarrier
504 _aIncluye bibliografía.
505 0 _aEssential ingredients of a healthy ministry -- God´s empowering presence -- God-exalting worship -- Spiritual disciplines -- Learning and growing in community -- A commitment to loving and caring relationships -- Servant-Leadership development -- An outward focus -- Wise administration and accountability -- Networking with the body of Christ -- Stewardship and generosity -- The process of becoming a healthy church.
526 _aSEG42
526 _aSEG41
526 _aSEG40
526 _aSEG39
526 _aP94
526 _aP87
526 _aP86
526 _aP85
526 _aP77
526 _aP76
526 _aP35
650 0 4 _aReavivamiento de la Iglesia.
942 _2ddc
_cBOOK
949 _a269 M12
_wDEWEY
_c1
_i45348
_lCCODEBUL1
_mBUL
_r0
_sY
_tBOOK
_u2015-6-24
_xTEOLOGIA
_PP35
_0COMPRA
_o.STAFF. Colección Teología
994 _aC0
_bPEPRU
596 _a1
999 _a269 M12
_wDEWEY
_c22210
_i45348
_f2021-11-10
_g5
_lCCODEBUL1
_mBUL
_p25.00
_r0
_sY
_tBOOK
_u2015-6-24
_xTEOLOGIA
_PP35
_0COMPRA
_o.STAFF. Colección Teología
_d22210
980 _81
_gALBERTO SANCHEZ Responsable de Automatización